000 00713nam a2200229 i 4500
001 91924
003 ES-MaACL
005 20230906180845.0
007 t|
008 050308s2004 mx ||||1| spa d
020 _a968-5953-01-5
080 _a791.44 Olvidados
245 0 4 _aLos olvidados
_b: una película de Luis Buñuel /
_cAgustín Sánchez Vidal ... [et al.].
250 _a1ª ed.
260 _aSanta Fé :
_bFundación Televisa,
_c2004.
300 _a329 p. ;
_c34 cm.
630 4 7 _aLos olvidados (Película cinematográfica)
_9135388
700 1 _aSánchez Vidal, Agustín.
_9102983
700 1 _aBuñuel, Luis,
_d1900-1983
_932559
852 _aES-MaACL
_jL-28965
999 _c91924
_d91924